| 000 | 00739nam a22002297a 4500 | ||
|---|---|---|---|
| 003 | OSt | ||
| 005 | 20251105084820.0 | ||
| 008 | 251105b |||||||| |||| 00| 0 eng d | ||
| 020 | _a978-974-9823-55-2. | ||
| 040 |
_aDWCL Main lib _cOC |
||
| 082 |
_24th ed. _aCirc. 610.73 R266n 2005 |
||
| 100 | _aRayfield, Sylvia | ||
| 245 |
_aNursing made insanely easy/ _cSylvia Rayfield |
||
| 250 | _a4th ed. | ||
| 260 |
_aBossier City, la. : _b I CAN Pub., Inc. _c, c2005. |
||
| 300 |
_a333 pages _b: illustrations _c ; 21 centimeters. |
||
| 504 | _aIncludes index. | ||
| 650 | _a1. Drugs-Handbooks, manuals, etc. | ||
| 650 | _a2. Nursing-Handbooks, manuals, etc. | ||
| 700 | _aManning, Loretta | ||
| 942 |
_2ddc _cBK-CIRC _e4th ed. _hCirc. _n0 |
||
| 999 |
_c5502 _d5502 |
||